000 00337nam a22001457a 4500
008 210310b ||||| |||| 00| 0 eng d
020 _a9740879014982
041 _aeng
080 _23rd
_a510
082 _a510
100 _a36
101 _aMAT
245 _aAlgebra and Trigonometry with Applications
_cMunem,M.A
942 _2udc
_cBK
999 _c56244
_d56244